000 00680cab a2200229 4500
001 WB3505-25
008 090401t1999 xxu||||| |||| 00| 0 eng d
035 _a(Sirsi) u91087
041 _aeng
245 _aOnline banking
260 _c1999
350 _a0
490 _aTimes
_v2 February 1999, 21(1)
520 _aResearch by the Royal Bank of Scotland shows that small businesses are keen to move into PC and telephone banking.
650 _aONLINE BANKING
650 _aROYAL BANK OF SCOTLAND
650 _aSMALL BUSINESSES
650 _aTELEPHONE BANKING
690 _aMANAGEMENT-BUSINESS MANAGEMENT-INFORMATION MANAGEMENT
942 _n0
948 _c03/02/1999
999 _c57798
_d57798